Etude des forêt et des produits forestiers; N15 Influences exercées par la forêt sur son milieu

Guardat en:
Dades bibliogràfiques
Autor principal: FAO
Format: Llibre
Idioma:Undetermined
Publicat: Rome FAO 1962
Matèries:
Etiquetes: Afegir etiqueta
Sense etiquetes, Sigues el primer a etiquetar aquest registre!
Thư viện lưu trữ: Trung tâm Học liệu Trường Đại học Cần Thơ
LEADER 00550nam a2200193Ia 4500
001 CTU_29270
008 210402s9999 xx 000 0 und d
082 |a 634.9 
082 |b E83 
100 |a FAO 
245 0 |a Etude des forêt et des produits forestiers; N15 
245 0 |b Influences exercées par la forêt sur son milieu 
245 0 |c FAO 
260 |a Rome 
260 |b FAO 
260 |c 1962 
650 |a forests and forestry 
904 |i Nguyễn Quang Điền, 990317 
980 |a Trung tâm Học liệu Trường Đại học Cần Thơ